000 00402nam a22001697a 4500
003 MPLRDC
005 20220104153412.0
008 210129b ||||| |||| 00| 0 eng d
082 _a982.59 LMN
100 _a林马尼编
245 _a学生相声选集
_c
250 _a初版
260 _a
_b东阳出版社
_c1993
300 _b
650 _a中国戏剧--相声
942 _cBK
_o982.59 LMN
999 _c53428
_d53418